00828 a2200229 4500010001400000020002300014035001300037037001800050082001300068090001500081100001800096245012100114250001100235260003400246270006600280300003300346650002000379700001900399942002800418999001500446952013700461 aENG-85721 a8180545342c365.00 aEN-69254 bD.B.Act / Pub14a658.1552 c3414d34141 aSaxena, V. K.1 aCost managementbfor C.A. final and other professional and management examinationcby V. K. Saxena and C. D. Vashist a5th ed aNew DelhibSultan Chandc2006 a23, Darya Ganj,bNew DelhicDelhie110002k23266105l23266357 avarious pagingsc25 cm (Pbk) aCost management aVashist, C. D. adplcENk658.1552 / SAX c3347d3347 00102ddc40718NFICaDBADbDBADeDBAD/PUBg365.00l0o658.1552 SAXpEN-69254r2008-09-15 00:00:00t1u3566v365.00w2008-09-15yEN